000 00936cab a2200241 4500
001 ABS57456
008 090401t1997 xxu||||| |||| 00| 0 eng d
035 _a(Sirsi) u80144
041 _aeng
100 _aBeckett, M.
245 _aOffice conversion margins under pressure
260 _c1997
350 _a0
490 _aProperty Finance & Development
_v9(7) July 1997, 5-7(3)
520 _aConsiders office conversions and the problems encountered by developers as prices rise. However a report by London Residential Research shows a 40 per cent rise in private sector residential development in central London in the last six months. Considers the likely effect on the conversion market.
650 _aCENTRAL LONDON
650 _aLONDON RESIDENTIAL RESEARCH
650 _aOFFICE CONVERSIONS
650 _aRESIDENTIAL PROPERTY
_96266
690 _aPROPERTY-PROPERTY DEVELOPMENT
942 _n0
948 _c07/08/1997
999 _c50446
_d50446